| 000 | 03011nam0a2200457 4500 | ||
|---|---|---|---|
| 001 | RU\NLR\bibl\1830665 | ||
| 005 | 20260408063325.0 | ||
| 010 | _a978-5-93332-369-3 | ||
| 021 |
_aRU _b2011-2880и _9400и |
||
| 035 | _a(nilc)LIBNET\0000166958 | ||
| 035 | _a(NLR Aleph) 001821171 | ||
| 090 |
_a2007680 _c2007680 |
||
| 100 | _a20111005d2011 |||y0rusy50 ca | ||
| 101 | 1 |
_arus _aeng _ceng |
|
| 102 | _aRU | ||
| 105 | _aa z ||||| | ||
| 200 | 1 |
_aBirgit Freybe Bateman. Увиденное _e[выставка фотографий _fпер. с англ.: Юлия Кузнецова, Ирина Горюнова _gавт. вступ. ст.: Евгения Петрова, Грег Гурофф] |
|
| 210 |
_aСанкт-Петербург _cPalace Editions _d2011 |
||
| 215 |
_a83, [1] с. _cцв. ил., портр. _d23x25 |
||
| 225 | 1 |
_aАльманах _fРус. музей, Музей Людвига _vвып. 303 |
|
| 300 | _aНа обл. авт.: Биргит Фрейби Бейтман | ||
| 300 | _aНа 4-й с. авт.: Биргит Фрейби Бейтман - фотограф | ||
| 300 | _aВ надзаг.: Фонд междунар. искусства и образования, США | ||
| 300 | _aТекст парал. на рус. и англ. яз. | ||
| 517 | 0 | _aУвиденное | |
| 600 | 1 |
_aФрейби Бейтман _bБ. _f1946 _gБиргит _xВыставки _yСанкт-Петербург, город _z2011 _92098851 _3RU\NLR\auth\661573139 |
|
| 601 | 0 | 2 |
_aГосударственный Русский музей _bМузей Людвига _cСанкт-Петербург, город _xВыставки _z2011 _92098422 _3RU\NLR\auth\661572916 |
| 686 |
_aЩ163(7К)6-8Фрейби Бейтман Б. _vLBC/SL _2rubbk |
||
| 686 | _aЩ163(7К)6-8Фрейби Бейтман л62 | ||
| 686 | _aЩ101.3(2Р)-2Санкт-Петербург2Гос. музей л62 | ||
| 702 | 1 |
_4570 _8rus _7ca _aФрейби Бейтман _bБ. _f1946- _gБиргит _3RU\NLR\auth\77110547 _993472 |
|
| 711 | 1 | 0 |
_aФрейби Бейтман, _gБиргит _hВыставка фотографии _f2011 _eСанкт-Петербург _3RU\NLR\AUTH\8810197737 _9284415 |
| 712 | 0 | 2 |
_4570 _aГосударственный Русский музей _cСанкт-Петербург _bМузей Людвига _3RU\NLR\AUTH\8810033910 _9566286 |
| 712 | 0 | 2 |
_4570 _aФонд международного искусства и образования _cСША _3RU\NLR\AUTH\8810197736 _9284412 |
| 801 | 0 |
_aRU _bГПИБ России _c20111005 _grcr |
|
| 801 | 1 |
_aRU _bГПИБ России _c20111005 _grcr _2rusmarc |
|
| 801 | 2 |
_aRU _bNLR _c20111109 _grcr |
|
| 942 | _cBOOK | ||
| 980 | _aNB | ||
| 980 | _aNBR | ||